[Event "Issy les Moulineaux tt"]
[Site "Issy les Moulineaux"]
[Date "2009.03.15"]
[Round "?"]
[White "Lejeune, Delphine"]
[Black "Minot, Barbara"]
[Result "1-0"]
[WhiteElo "2043"]
[BlackElo "1512"]
[PlyCount "79"]
[EventDate "2008.10.19"]
[EventType "team-tourn"]
[EventRounds "7"]
[EventCountry "FRA"]
[SourceTitle "EXT 2010"]
[Source "ChessBase"]
[SourceDate "2010.11.25"]
[SourceVersion "1"]
[SourceVersionDate "2010.11.25"]
[SourceQuality "1"]
[WhiteTeam "Caen Alekhine"]
[BlackTeam "Issy les Moulineaux"]
[WhiteTeamCountry "FRA"]
[BlackTeamCountry "FRA"]

1. d4 d5 2. c4 Nc6 3. Nc3 dxc4 4. Nf3 Bg4 5. e3 e6 6. Bxc4 Bb4 7. 0-0 Qf6 8. Be2 Nge7 9. Ne4 Qh6 10. a3 Bd6 11. Nxd6+ cxd6 12. b4 Nd5 13. Qb3 0-0 14. Rd1 a6 15. h3 Bxh3 16. gxh3 Qxh3 17. Ng5 Qh4 18. e4 Nf4 19. Bxf4 Qxf4 20. Qg3 Qxg3+ 21. fxg3 Rac8 22. Rac1 b5 23. Kg2 Ne7 24. g4 d5 25. Bf3 h6 26. Nh3 g5 27. exd5 exd5 28. Kg3 f5 29. Rxc8 Rxc8 30. Re1 f4+ 31. Kg2 Rc2+ 32. Nf2 Kf7 33. Re5 Kf6 34. Bxd5 Nxd5 35. Rxd5 Re2 36. Rf5+ Ke7 37. d5 Kd6 38. Kf1 Re5 39. Rf6+ Kxd5 40. Rxh6 1-0